Namibia-visa - Statistics

Yleistilastot
  • Tätä visaa on pelattu 235 kertaa
  • Keskiarvotulos 11 / 20
Vastaustilastot
Vihje Vastaus % Oikein
Naapurimaa Etelä-Afrikka
98%
Naapurimaa Angola
93%
Naapurimaa Botswana
93%
Euroopan valtio, jonka siirtomaa Namibia oli 1884–1915 Saksa
90%
Virallinen kieli Englanti
89%
Naapurimaa Sambia
87%
Pääkaupunki Windhoek
74%
Namibiassa on yksi tämän nopean eläimen suurimmista kannoista Gepardi
73%
Suuri aavikko, joka peittää maan itäiset ja keskiset osat Kalahari
70%
Rannikolla sijaitseva aavikko, joka on ehkä maailman vanhin Namib
60%
Joki, joka muodostaa osan rajasta naapurimaan #4 kanssa Sambesi
60%
Suuri joki, joka muodostaa rajan naapurimaan #3 kanssa Oranjejoki
44%
Rannikkoalue, jossa useita tutkimusmatkailijoita on kuollut tiheän sumun ja rajujen myrskyjen vuoksi {Luuranko}rannikko
33%
Namibia on tämän metallialkuaineen neljänneksi suurin tuottajamaa Uraani
26%
Namibian rannikon läheisyydessä sijaitseva saariryhmä, joka on nimetty siellä asuvien lintujen mukaan Pingviinisaaret
24%
Namibian suurin rannikkokaupunki {Walvis} Bay
22%
Ryhmä Afrikan eteläosien ihmisiä, joka on yli 100 000 vuotta sitten eronnut muista kansoista geneettisesti Sanit
19%
Vuonna 1907 perustettu yksi eteläisen Afrikan suurimmista kansallispuistoista Etoshan kansallispuisto
14%
Enemmistön Namibian väestöstä muodostava kansa Ovambot
13%
Toinen suuri rannikkokaupunki yllä olevan lähellä Swakopmund
12%
Ehtoja vastaavia visoja ei löytynyt
Tulosjakauma
Jokaisen tuloksen saaneiden osuus
Persentiili vastausten määrän mukaan
Tuloshistoriasi
Et ole pelannut tätä visaa